| Tag |
First Indicator |
Second Indicator |
Subfields |
| LEADER |
00000cam a2200000 a 4500 |
| 001 |
in00000915501 |
| 005 |
20220103115104.0 |
| 007 |
cr unu a |
| 008 |
900831s1989 xx a b 00010 eng d |
| 035 |
|
|
|9 AEP0879AM
|
| 035 |
|
|
|a (OCoLC)22301272
|
| 040 |
|
|
|a TXA
|c TXA
|d UtOrBLW
|
| 043 |
|
|
|a n-us-tx
|
| 049 |
|
|
|a TXAZ [Also in] [Archives]
|c 1 [A13109030], 2 [A13109080]
|
| 099 |
|
|
|a 1989
|a Thesis
|a W918
|
| 100 |
1 |
|
|a Wooters, Kelly Lynne.
|
| 245 |
1 |
0 |
|a Evaluating dredged material placement alternatives /
|c by Kelly Lynne Wooters.
|
| 264 |
|
1 |
|a [Place of publication not identified] :
|b [publisher not identified] ;
|c 1989.
|
| 300 |
|
|
|a viii, 109 leaves :
|b illustrations ;
|c 29 cm.
|
| 336 |
|
|
|a text
|b txt
|2 rdacontent
|
| 337 |
|
|
|a computer
|b c
|2 rdamedia
|
| 338 |
|
|
|a online resource
|b cr
|2 rdacarrier
|
| 500 |
|
|
|a "Major subject: Civil Engineering."
|
| 500 |
|
|
|a Typescript (photocopy).
|
| 500 |
|
|
|a Vita.
|
| 502 |
|
|
|b M.S.
|c Texas A&M University
|d 1989.
|
| 504 |
|
|
|a Includes bibliographical references.
|
| 530 |
|
|
|a Also available online.
|
| 650 |
|
0 |
|a Dredging spoil
|z Texas.
|
| 650 |
|
0 |
|a Refuse and refuse disposal
|z Texas.
|
| 650 |
|
4 |
|a Major civil engineering.
|
| 856 |
4 |
1 |
|u https://hdl.handle.net/1969.1/ETD-TAMU-1989-THESIS-W918
|z Link to OAKTrust copy
|t 0
|
| 999 |
|
|
|a MARS
|
| 999 |
f |
f |
|s 0b299a84-7437-3a44-a801-df7f289249ac
|i ee0f3152-3076-3732-a0fa-0ec668800703
|t 0
|
| 952 |
f |
f |
|p noncirc
|a Texas A&M University
|b J.J. Pickle Campus
|c High Density Repository
|d Remote Storage
|t 0
|e 1989 Thesis W918
|h Other scheme
|i computer -- online resource
|m A14839630774
|
| 952 |
f |
f |
|a Texas A&M University
|b College Station
|c Electronic Resources
|d Available Online
|t 0
|e 1989 Thesis W918
|h Other scheme
|
| 998 |
f |
f |
|a 1989 Thesis W918
|t 0
|l Available Online
|
| 998 |
f |
f |
|a 1989 Thesis W918
|t 0
|l Remote Storage
|